| 000 | 00331nam a22001337a 4500 | ||
|---|---|---|---|
| 020 | _a9788121906678 | ||
| 040 | _cNUST | ||
| 082 | _a537 TEW | ||
| 100 |
_aTewari, K.K. Dr _974236 |
||
| 245 | _aElectricity and Magnetism | ||
| 260 |
_aNew Delhi: _bS.Chand, _c2015. |
||
| 650 |
_aElectricity and Magnetism _964093 |
||
| 942 |
_2ddc _cBK |
||
| 999 |
_c589987 _d589987 |
||